| 000 | 00487nam a22001817a 4500 | ||
|---|---|---|---|
| 003 | BDDh-ASL | ||
| 005 | 20231015031057.0 | ||
| 008 | 221226s1924 i ||||| |||| 00| 0 a d | ||
| 040 |
_aBDDh-ASL _cBDDh-ASL |
||
| 041 | _aara | ||
| 082 |
_a297 _bSHT |
||
| 100 | 1 |
_aShafi, Mohammad _95194 |
|
| 245 | 1 | 0 | _aTawḍīh Mahshá : / توضيح محشى |
| 260 |
_aKanpur : _bMajidi Press , _c1924/1346H. |
||
| 300 |
_a294 p. : _c25 cm. |
||
| 650 | 0 |
_aUsul-e Fiqh _96827 |
|
| 942 |
_2ddc _cBK |
||
| 999 |
_c29837 _d29837 |
||